|
|
|
|
| LEADER |
00764nam a22002291a 4500 |
| 020 |
|
|
|a 9788182201829
|c 0.00
|
| 040 |
|
|
|a SSUS - Library - Kalady
|
| 082 |
|
|
|a 792.3
|b DAV/R
|
| 100 |
|
|
|a David Bolland (tr.)
|
| 245 |
|
|
|a The ramayana in kathakali dance drama
|h [Text]
|
| 260 |
|
|
|a New Delhi
|b Global Vision Publishing house
|c 2006
|
| 300 |
|
|
|a 154p.
|
| 600 |
|
|
|a Dance Ramayana
|
| 600 |
|
|
|a Drama Ramayana
|
| 600 |
|
|
|a Kathakali Ramayana
|
| 600 |
|
|
|a Pantomime
|
| 600 |
|
|
|a Stage Presentation
|
| 700 |
|
|
|a N K Singh (ed.)
|
| 852 |
|
|
|h 792.3
|i DAV/R
|p 057581
|9 490.00
|t 0
|
| 942 |
|
|
|c BK
|
| 999 |
|
|
|c 37259
|d 37259
|
| 952 |
|
|
|0 0
|1 0
|4 0
|6 792_300000000000000_DAV_R
|7 0
|9 53901
|a SSUS
|b SSUS
|d 2015-01-08
|g 490.00
|l 3
|o 792.3 DAV/R
|p 057581
|r 2016-02-23
|s 2016-02-08
|v 0.00
|w 2015-01-08
|y BK
|